Marine electrical practice / (Record no. 3747)
[ view plain ]
| 000 -LEADER | |
|---|---|
| fixed length control field | 00468nam a22001697a 4500 |
| 008 - FIXED-LENGTH DATA ELEMENTS--GENERAL INFORMATION | |
| fixed length control field | 200629b ||||| |||| 00| 0 eng d |
| 020 ## - INTERNATIONAL STANDARD BOOK NUMBER | |
| International Standard Book Number | 0408004983 |
| 082 00 - DEWEY DECIMAL CLASSIFICATION NUMBER | |
| Classification number | 623.8503 |
| Item number | W3371 |
| 100 ## - MAIN ENTRY--PERSONAL NAME | |
| 9 (RLIN) | 1 |
| Personal name | Watson, G. O. |
| 245 10 - TITLE STATEMENT | |
| Title | Marine electrical practice / |
| 250 ## - EDITION STATEMENT | |
| Edition statement | 5th ed. |
| 260 ## - PUBLICATION, DISTRIBUTION, ETC. (IMPRINT) | |
| Place of publication, distribution, etc | London |
| Name of publisher, distributor, etc | Newnes Butterworths |
| Date of publication, distribution, etc | 1983 |
| 300 ## - PHYSICAL DESCRIPTION | |
| Extent | viii, 444 p. |
| 490 0# - SERIES STATEMENT | |
| Series statement | Marine engineering series |
| 650 #0 - SUBJECT ADDED ENTRY--TOPICAL TERM | |
| Topical term or geographic name as entry element | Ships--Electric equipment |
| 942 ## - ADDED ENTRY ELEMENTS (KOHA) | |
| Item type | Books |
| Withdrawn status | Lost status | Source of classification or shelving scheme | Damaged status | Not for loan | Permanent location | Current location | Date acquired | Full call number | Barcode | Date last seen | Koha item type |
|---|---|---|---|---|---|---|---|---|---|---|---|
| IMU Kolkata | IMU Kolkata | 2020-06-29 | 623.8503 W3371 | 06716 | 2020-06-29 | Books | |||||
| IMU Kolkata | IMU Kolkata | 2020-06-29 | 623.8503 W3371 | 06717 | 2020-06-29 | Books | |||||
| IMU Kolkata | IMU Kolkata | 2020-06-29 | 623.8503 W3371 | 06718 | 2020-06-29 | Books | |||||
| IMU Kolkata | IMU Kolkata | 2020-06-29 | 623.8503 W3371 | 06719 | 2020-06-29 | Books | |||||
| IMU Kolkata | IMU Kolkata | 2020-06-29 | 623.8503 W3371 | 06720 | 2020-06-29 | Books | |||||
| IMU Kolkata | IMU Kolkata | 2020-06-29 | 623.8503 W3371 | 06721 | 2020-06-29 | Books | |||||
| IMU Kolkata | IMU Kolkata | 2020-06-29 | 623.8503 W3371 | 06722 | 2020-06-29 | Books | |||||
| IMU Kolkata | IMU Kolkata | 2020-06-29 | 623.8503 W3371 | 06723 | 2020-06-29 | Books | |||||
| IMU Kolkata | IMU Kolkata | 2020-06-29 | 623.8503 W3371 | 06724 | 2020-06-29 | Books | |||||
| IMU Kolkata | IMU Kolkata | 2020-06-29 | 623.8503 W3371 | 06725 | 2020-06-29 | Books | |||||
| IMU Kolkata | IMU Kolkata | 2020-06-29 | 623.8503 W3371 | 06781 | 2020-06-29 | Books | |||||
| IMU Kolkata | IMU Kolkata | 2020-06-29 | 623.8503 W3371 | 06782 | 2020-06-29 | Books | |||||
| IMU Kolkata | IMU Kolkata | 2020-06-29 | 623.8503 W3371 | 06783 | 2020-06-29 | Books | |||||
| IMU Kolkata | IMU Kolkata | 2020-07-03 | 623.8503 W3371 | 06944 | 2020-07-03 | Books |